000 01018nas a2200313 4500
001 BR2011005188
003 BR-BrBNA
005 20231205115115.0
007 ta
008 230509b bl.|||p| |||| 00| 00por d
040 _aBR-BrBNA
_bpor
_cBiblioteca Nacional de Agricultura
041 _a(Pt)
072 _aL01; E16
100 1 _aTeodoro, V.A.M.
100 1 _aSobral, D.
100 1 _aMachado, G. de M.
100 1 _aCosta, R.G.B.
100 1 _aPaula, J.C.J. de
100 1 _aMiguel, E.M.
245 1 _aFerramentas de qualidade: aplicação do Diagrama de Causa e Efeito na indústria de laticínios
650 _aINDÚSTRIA ALIMENTÍCIA
650 _aLATICÍNIO
650 _aCONTROLE DE QUALIDADE
650 _aHIGIENE DE ALIMENTO
650 _aPLANEJAMENTO
773 0 _tInforme Agropecuário- Empresa de Pesquisa Agropecuária de Minas Gerais (Brazil)
_xISSN 0100-3364
_g(May-Jun 2011), v. 32(262) p. 76-82
_wBR2011005188
909 _a202311
_bLúcia
_c55
_dLúcia Elande
942 _2AGRIS
_n0
_cANA
999 _c212106
_d212106